000 01405nam a22003857a 4500
003 CHAP
005 20220817042007.0
008 971013s1977 r 00010 d
010 _a31231
011 _a32203
035 _a36316
040 _cCHAP
090 _aTesis
100 0 0 _aCovarrubias García, León S.
_928694
245 _aMezclas de abonos orgánicos con superfosfato simple y sus efectos sobre el rendimiento de Festuca arundinacea var. alta (Schreb) en suelos calcáreos con problemas de abastecimiento de fósforo
260 _aChapingo, Méx. :
_bEl autor,
_c1977
300 _a172 h.
_b; gráfs. ; mapa
500 _ac.4-5 en bodega
502 _aTesis ( M.C. Esp. en Suelos) -- ENA. Colegio de Postgraduados
590 _aALEPH
_b10
_c20130110
_lUCH01
_h1253
590 _aBATCH-UPD
_b10
_c20130110
_lUCH01
_h1522
590 _aBATCH-UPD
_b10
_c20130410
_lUCH01
_h0933
590 _aBATCH-UPD
_b10
_c20130914
_lUCH01
_h1055
590 _aCONVERSION
_b10
_c20130109
_lUCH01
_h1318
650 1 4 _aAbonos
_xEfecto en suelos.
650 1 4 _aFertilizantes fosfatados.
_940592
650 1 4 _aFestuca arundinacea.
_940663
650 1 4 _aSuelos calcáreos.
_9110539
650 1 4 _aSuelos
_xFósforo en.
_9110376
901 _aBK
942 _cFOLL
949 _bBC
_cTES
_d-83784
_eTS2
_i36316
_si
949 _bBC
_cTES
_d-83785
_eTS2
_fc.2
_i36316
_si
949 _bBC
_cTES
_d-83786
_eTS2
_fc.3
_i36316
_si
999 _c31231
_d31231